| 000 | 00418pab a2200169 454500 | ||
|---|---|---|---|
| 008 | 180718b2002 xxu||||| |||| 00| 0 eng d | ||
| 100 | _aBenassi, Corrado | ||
| 245 | _aIncome concentration and market demand | ||
| 260 | _c2002 | ||
| 300 | _ap.584-96. | ||
| 362 | _aOct | ||
| 650 | _aIncome | ||
| 700 | _aScrimitore, Marcella | ||
| 700 | _aChirco, Allesandra | ||
| 773 | _aOxford Economic Papers | ||
| 909 | _a54072 | ||
| 999 |
_c54072 _d54072 |
||